| 000 | 01027nam a22003137a 4500 | ||
|---|---|---|---|
| 001 | 0054784 | ||
| 003 | KOHA_MİRAKIL | ||
| 005 | 20260207003956.0 | ||
| 007 | ta | ||
| 008 | 160119b2015 tu |||gr||||#0|||0|tur | | ||
| 020 | _a9786056168444 | ||
| 040 |
_aTR-BiSEU _btur _cTR-BiSEU _erda |
||
| 041 | 0 | _atur | |
| 044 | _ctu | ||
| 050 |
_aDR503 _b.T37 2015 |
||
| 245 | 1 |
_aTarih-i Sultan Bayezid : _bSultan II. Bayezid'in tarihi/ _cHazırlayan Reha Bilge . |
|
| 264 | 1 |
_aİstanbul : _bArvana Yayınları _c2015 |
|
| 300 | _a248 sayfa,[200 sayfa]: resimli; 25 cm.+1 CD-ROM | ||
| 336 |
_ametin _btxt _2rdacontent |
||
| 337 |
_aaracısız _bn _2rdamedia |
||
| 338 |
_acilt _bnc _2rdacarrier |
||
| 650 | 0 |
_aBayezid _b II, Sultan of the Turks, 1447 or 1448-1512. _9101806 |
|
| 650 | 0 |
_aManuscripts, Turkish _915934 |
|
| 650 | 0 |
_aTurkey --Istanbul --Facsimiles. _9101807 |
|
| 650 | 0 |
_aIllumination of books and manuscripts, Turkish. _936268 |
|
| 650 | 0 |
_aMiniature painting, Turkish. _914646 |
|
| 907 | _aTarih | ||
| 942 |
_2lcc _cBK |
||
| 999 |
_c54591 _d54591 |
||